Red Dot Design Yearbook 2011-2012 : Living /
Red Dot es una compañía alemana que ha alcanzado el reconocimiento internacional como sinónimo de calidad en el diseño. Cada año realiza un concurso Red Dot Design Award en campos como el diseño del producto, diseño comunicativo y conceptos del diseño. Los anuarios correspondientes exponen trabajos...
Guardat en:
| Autor corporatiu: | |
|---|---|
| Altres autors: | |
| Format: | Llibre |
| Idioma: | anglès |
| Publicat: |
Essen, Alemania :
Red Dot,
2012, c2012
|
| Matèries: | |
| Etiquetes: |
Sense etiquetes, Sigues el primer a etiquetar aquest registre!
|
MARC
| LEADER | 00000nam^a2200000^a^4500 | ||
|---|---|---|---|
| 001 | 000326551 | ||
| 005 | 20250521000000.0 | ||
| 008 | 100622 20122012 | ||
| 009 | 20260310113811.126 | ||
| 020 | |a 978-3-89939-122-0 | ||
| 037 | |a Acervo ITESO - Biblioteca | ||
| 041 | |a ING | ||
| 082 | |a 709. |b RED PRO 2012 V. 1 | ||
| 110 | |a Red Dot Design Award | ||
| 240 | 1 | 1 | |a [Red Dot Design Yearbook Product Design] |
| 240 | 1 | 1 | |a [Red Dot Design Yearbook 2011-2012] |
| 240 | 1 | 1 | |a [Red Dot Design Living] |
| 245 | 1 | 0 | |a Red Dot Design Yearbook 2011-2012 : |b Living / |c Red Dot Design Award ; ed. de P. Zec. |
| 264 | 4 | |a Essen, Alemania : |b Red Dot, |c 2012, c2012 | |
| 300 | |a 496 p. ; |c 31.0 cm. (gran formato) | ||
| 336 | |a texto |b txt |2 rdacontenido | ||
| 337 | |a sin mediación |b n |2 rdamedio | ||
| 338 | |a volumen |b nc |2 rdasoporte | ||
| 520 | |a Red Dot es una compañía alemana que ha alcanzado el reconocimiento internacional como sinónimo de calidad en el diseño. Cada año realiza un concurso Red Dot Design Award en campos como el diseño del producto, diseño comunicativo y conceptos del diseño. Los anuarios correspondientes exponen trabajos premiados y destacados en cada caso. | ||
| 649 | |a XX | ||
| 650 | |a Muebles | ||
| 650 | |a Bombillas y Lámparas | ||
| 650 | |a Accesorios y Aparatos Domésticos | ||
| 650 | |a Decoración y Ornamentación | ||
| 650 | |a Diseño Arquitectónico - |x Tema Principal | ||
| 650 | |a Diseño Arquitectónico - |x Historia - |y 2010-2019 - |x Tema Principal | ||
| 650 | |a Diseño Urbano - |x Tema Principal | ||
| 650 | |a Diseño Urbano - |x Historia - |y 2010-2019 - |x Tema Principal | ||
| 650 | |a Diseño Industrial - |x Tema Principal | ||
| 650 | |a Diseño Industrial - |x Historia - |y 2010-2019 - |x Tema Principal | ||
| 650 | |a Arte - |y 2010-2019 | ||
| 700 | |a Zec, Peter |e (edición) | ||
| 910 | |a Fondo General | ||
| 920 | |a Impresos - Libros | ||
| 930 | |a Reserva Especial | ||
| 905 | |a 103 | ||
| 901 | |a 0500215308 |b IT1 |c REE |i C134399 |u 20250521 | ||
| 902 | |a https://opac.biblio.iteso.mx/vufind/Record/000326551 | ||